[Event "XLIV Memoriał Szachowy Ludwika Zamenhofa 2025, Grupa B"]
[Site "Bialystok, Poland"]
[Date "2025.12.30"]
[Round "8.32"]
[White "Lewczuk, Jakub"]
[Black "Bombinski, Michal"]
[Result "1-0"]
[TimeControl "90'+30\""]
[WhiteElo "1805"]
[BlackElo "1685"]

1. f4 {[%clk 01:30:13]} {[%emt 00:00:46]} Nf6 {[%clk 01:30:55]} {[%emt
00:00:05]} 2. Nf3 {[%clk 01:30:34]} {[%emt 00:00:09]} g6 {[%clk 01:31:19]}
{[%emt 00:00:06]} 3. b3 {[%clk 01:30:44]} {[%emt 00:00:20]} Bg7 {[%clk
01:31:42]} {[%emt 00:00:07]} 4. Bb2 {[%clk 01:31:02]} {[%emt 00:00:13]} O-O
{[%clk 01:31:59]} {[%emt 00:00:12]} 5. g3 {[%clk 01:31:02]} {[%emt 00:00:30]}
Nc6 {[%clk 01:31:21]} {[%emt 00:01:08]} 6. Bg2 {[%clk 01:31:00]} {[%emt
00:00:33]} d6 {[%clk 01:31:22]} {[%emt 00:00:28]} 7. O-O {[%clk 01:29:59]}
{[%emt 00:01:29]} Nd7 {[%clk 01:30:18]} {[%emt 00:01:36]} 8. Bxg7 {[%clk
01:29:52]} {[%emt 00:00:37]} Kxg7 {[%clk 01:30:39]} {[%emt 00:00:09]} 9. e4
{[%clk 01:26:21]} {[%emt 00:04:00]} e5 {[%clk 01:30:13]} {[%emt 00:00:57]} 10.
d4 {[%clk 01:20:24]} {[%emt 00:06:26]} exd4 {[%clk 01:28:54]} {[%emt 00:01:50]}
11. Nxd4 {[%clk 01:20:15]} {[%emt 00:00:38]} Nxd4 {[%clk 01:29:14]} {[%emt
00:00:11]} 12. Qxd4+ {[%clk 01:20:44]} {[%emt 00:00:02]} Qf6 {[%clk 01:29:25]}
{[%emt 00:00:19]} 13. c3 {[%clk 01:19:56]} {[%emt 00:01:18]} Qxd4+ {[%clk
01:29:17]} {[%emt 00:00:38]} 14. cxd4 {[%clk 01:20:10]} {[%emt 00:00:15]} Nf6
{[%clk 01:25:38]} {[%emt 00:04:09]} 15. Nc3 {[%clk 01:18:57]} {[%emt 00:01:43]}
c6 {[%clk 01:24:52]} {[%emt 00:01:17]} 16. b4 {[%clk 01:17:23]} {[%emt
00:02:03]} Be6 {[%clk 01:23:50]} {[%emt 00:01:32]} 17. a4 {[%clk 01:09:56]}
{[%emt 00:07:58]} d5 {[%clk 01:22:40]} {[%emt 00:01:39]} 18. e5 {[%clk
01:07:31]} {[%emt 00:02:55]} Ng4 {[%clk 01:22:21]} {[%emt 00:00:49]} 19. Rfe1
{[%clk 01:07:22]} {[%emt 00:00:38]} h5 {[%clk 01:22:11]} {[%emt 00:00:40]} 20.
h3 {[%clk 01:04:13]} {[%emt 00:03:40]} Nh6 {[%clk 01:22:34]} {[%emt 00:00:07]}
21. Kf2 {[%clk 01:04:18]} {[%emt 00:00:24]} Rac8 {[%clk 01:21:32]} {[%emt
00:01:33]} 22. a5 {[%clk 01:01:38]} {[%emt 00:03:10]} a6 {[%clk 01:20:37]}
{[%emt 00:01:25]} 23. Na4 {[%clk 01:01:14]} {[%emt 00:00:54]} Rc7 {[%clk
01:19:12]} {[%emt 00:01:55]} 24. Rh1 {[%clk 01:00:31]} {[%emt 00:01:11]} Rcc8
{[%clk 01:15:33]} {[%emt 00:04:10]} 25. Rad1 {[%clk 00:59:33]} {[%emt
00:01:29]} Rc7 {[%clk 01:14:48]} {[%emt 00:01:16]} 26. Bf3 {[%clk 00:59:16]}
{[%emt 00:00:44]} Rcc8 {[%clk 01:12:20]} {[%emt 00:03:00]} 27. Kg2 {[%clk
00:59:17]} {[%emt 00:00:22]} Nf5 {[%clk 01:11:58]} {[%emt 00:00:59]} 28. Kf2
{[%clk 00:57:15]} {[%emt 00:02:31]} Nh6 {[%clk 01:11:25]} {[%emt 00:01:03]} 29.
Nc5 {[%clk 00:57:30]} {[%emt 00:00:15]} Rb8 {[%clk 01:09:56]} {[%emt 00:01:59]}
30. Na4 {[%clk 00:54:35]} {[%emt 00:03:26]} Rbc8 {[%clk 01:08:58]} {[%emt
00:01:28]} 31. Rd2 {[%clk 00:54:46]} {[%emt 00:00:18]} Rh8 {[%clk 01:08:06]}
{[%emt 00:01:22]} 32. Nc3 {[%clk 00:53:13]} {[%emt 00:01:54]} Rb8 {[%clk
01:07:29]} {[%emt 00:01:17]} 33. Rc2 {[%clk 00:50:03]} {[%emt 00:03:40]} Bf5
{[%clk 01:06:51]} {[%emt 00:01:08]} 34. Rcc1 {[%clk 00:50:23]} {[%emt
00:00:09]} Be6 {[%clk 01:07:01]} {[%emt 00:00:21]} 35. Ne2 {[%clk 00:50:44]}
{[%emt 00:00:09]} Bd7 {[%clk 01:05:18]} {[%emt 00:02:13]} 36. Nc3 {[%clk
00:47:50]} {[%emt 00:03:23]} Nf5 {[%clk 01:02:58]} {[%emt 00:02:51]} 37. Rhd1
{[%clk 00:46:56]} {[%emt 00:01:24]} Nh6 {[%clk 01:03:04]} {[%emt 00:00:23]} 38.
Kg2 {[%clk 00:45:14]} {[%emt 00:02:09]} Nf5 {[%clk 01:02:37]} {[%emt 00:01:00]}
39. Rd3 {[%clk 00:45:01]} {[%emt 00:00:43]} Be6 {[%clk 01:02:05]} {[%emt
00:01:03]} 40. Be2 {[%clk 00:43:31]} {[%emt 00:01:58]} Nh6 {[%clk 01:01:50]}
{[%emt 00:00:46]} 41. Nd1 {[%clk 00:41:52]} {[%emt 00:02:09]} Bf5 {[%clk
01:00:36]} {[%emt 00:01:45]} 42. Rd2 {[%clk 00:40:36]} {[%emt 00:01:43]} Bd7
{[%clk 00:59:46]} {[%emt 00:01:21]} 43. Nf2 {[%clk 00:40:42]} {[%emt 00:00:26]}
Rh7 {[%clk 00:56:26]} {[%emt 00:03:51]} 44. g4 {[%clk 00:39:25]} {[%emt
00:01:46]} hxg4 {[%clk 00:56:41]} {[%emt 00:00:15]} 45. hxg4 {[%clk 00:39:30]}
{[%emt 00:00:24]} Rbh8 {[%clk 00:56:31]} {[%emt 00:00:42]} 46. Rh1 {[%clk
00:38:45]} {[%emt 00:01:10]} Ng8 {[%clk 00:55:43]} {[%emt 00:01:21]} 47. Rxh7+
{[%clk 00:39:01]} {[%emt 00:00:15]} Rxh7 {[%clk 00:56:05]} {[%emt 00:00:07]} 48.
Rd1 {[%clk 00:38:19]} {[%emt 00:01:13]} Ne7 {[%clk 00:56:01]} {[%emt 00:00:34]}
49. Kg3 {[%clk 00:38:10]} {[%emt 00:00:38]} Bc8 {[%clk 00:54:34]} {[%emt
00:01:57]} 50. Re1 {[%clk 00:38:24]} {[%emt 00:00:16]} Be6 {[%clk 00:53:37]}
{[%emt 00:01:27]} 51. Nh3 {[%clk 00:34:18]} {[%emt 00:04:36]} Bc8 {[%clk
00:53:38]} {[%emt 00:00:29]} 52. Bf3 {[%clk 00:34:10]} {[%emt 00:00:39]} Rh8
{[%clk 00:53:13]} {[%emt 00:00:54]} 53. Nf2 {[%clk 00:33:12]} {[%emt 00:01:28]}
Rh7 {[%clk 00:52:48]} {[%emt 00:00:56]} 54. Nd3 {[%clk 00:33:30]} {[%emt
00:00:12]} Rh8 {[%clk 00:52:58]} {[%emt 00:00:20]} 55. Nc5 {[%clk 00:33:48]}
{[%emt 00:00:09]} Rh7 {[%clk 00:53:09]} {[%emt 00:00:21]} 56. Bd1 {[%clk
00:34:06]} {[%emt 00:00:12]} Rh8 {[%clk 00:52:43]} {[%emt 00:00:57]} 57. Bc2
{[%clk 00:34:22]} {[%emt 00:00:14]} Rh6 {[%clk 00:45:54]} {[%emt 00:07:18]} 58.
Rf1 {[%clk 00:31:30]} {[%emt 00:03:23]} f5 {[%clk 00:44:20]} {[%emt 00:02:04]}
59. exf6+ {[%clk 00:31:50]} {[%emt 00:00:10]} Kf7 {[%clk 00:44:13]} {[%emt
00:00:36]} 60. fxe7 {[%clk 00:32:10]} {[%emt 00:00:08]} Kxe7 {[%clk 00:44:39]}
{[%emt 00:00:06]} 61. Nd3 {[%clk 00:32:20]} {[%emt 00:00:20]} Bd7 {[%clk
00:43:24]} {[%emt 00:01:46]} 62. Re1+ {[%clk 00:32:34]} {[%emt 00:00:16]} Kd6
{[%clk 00:43:11]} {[%emt 00:00:43]} 63. Ne5 {[%clk 00:32:49]} {[%emt 00:00:15]}
Be8 {[%clk 00:43:07]} {[%emt 00:00:33]} 64. g5 {[%clk 00:33:11]} {[%emt
00:00:08]} Rh8 {[%clk 00:43:17]} {[%emt 00:00:16]} 65. Bxg6 {[%clk 00:33:07]}
{[%emt 00:00:35]} Bxg6 {[%clk 00:43:38]} {[%emt 00:00:12]} 66. Nxg6 {[%clk
00:33:32]} {[%emt 00:00:06]} Rb8 {[%clk 00:43:57]} {[%emt 00:00:10]} 67. f5
{[%clk 00:33:55]} {[%emt 00:00:08]} b6 {[%clk 00:44:10]} {[%emt 00:00:17]} 68.
Re6+ {[%clk 00:34:19]} {[%emt 00:00:06]} Kc7 {[%clk 00:44:20]} {[%emt
00:00:19]} 69. f6 {[%clk 00:34:37]} {[%emt 00:00:13]} bxa5 {[%clk 00:44:43]}
{[%emt 00:00:07]} 70. f7 {[%clk 00:34:52]} {[%emt 00:00:15]} axb4 {[%clk
00:45:02]} {[%emt 00:00:12]} 71. Re8 {[%clk 00:35:11]} {[%emt 00:00:10]} b3
{[%clk 00:45:03]} {[%emt 00:00:29]} 72. Rxb8 {[%clk 00:35:19]} {[%emt
00:00:21]} Kxb8 {[%clk 00:45:29]} {[%emt 00:00:04]} 73. f8=Q+ {[%clk 00:35:39]}
{[%emt 00:00:10]} Kc7 {[%clk 00:45:56]} {[%emt 00:00:04]} 74. Ne5 {[%clk
00:35:52]} {[%emt 00:00:16]} b2 {[%clk 00:46:20]} {[%emt 00:00:07]} 75. Qe7+
{[%clk 00:36:18]} {[%emt 00:00:03]} Kc8 {[%clk 00:46:41]} {[%emt 00:00:09]} 76.
Qd7+ {[%clk 00:36:44]} {[%emt 00:00:05]} Kb8 {[%clk 00:47:05]} {[%emt
00:00:05]} 77. Nxc6+ {[%clk 00:37:10]} {[%emt 00:00:05]} Ka8 {[%clk 00:47:28]}
{[%emt 00:00:05]} 78. Qa7# {[%clk 00:37:36]} {[%emt 00:00:06]} 1-0

[Event "XLIV Memoriał Szachowy Ludwika Zamenhofa 2025, Grupa B"]
[Site "Bialystok, Poland"]
[Date "2025.12.31"]
[Round "9.1"]
[White "Jarzebowski, Kacper"]
[Black "Budzisz, Adrian"]
[Result "1/2-1/2"]
[TimeControl "90'+30\""]
[WhiteElo "2078"]
[BlackElo "2065"]

1. Nf3 {[%clk 01:30:58]} {[%emt 00:00:02]} g6 {[%clk 01:30:43]} {[%emt
00:00:17]} 2. c4 {[%clk 01:30:56]} {[%emt 00:00:32]} Bg7 {[%clk 01:30:29]}
{[%emt 00:00:44]} 3. Nc3 {[%clk 01:31:17]} {[%emt 00:00:10]} c5 {[%clk
01:29:31]} {[%emt 00:01:28]} 4. g3 {[%clk 01:31:38]} {[%emt 00:00:08]} e6
{[%clk 01:28:52]} {[%emt 00:01:09]} 5. Bg2 {[%clk 01:31:58]} {[%emt 00:00:10]}
Ne7 {[%clk 01:29:00]} {[%emt 00:00:22]} 6. O-O {[%clk 01:32:21]} {[%emt
00:00:07]} Nbc6 {[%clk 01:29:05]} {[%emt 00:00:25]} 7. d3 {[%clk 01:29:32]}
{[%emt 00:03:19]} O-O {[%clk 01:28:16]} {[%emt 00:01:19]} 8. Be3 {[%clk
01:27:33]} {[%emt 00:02:30]} Nd4 {[%clk 01:25:53]} {[%emt 00:02:54]} 9. Rb1
{[%clk 01:20:51]} {[%emt 00:07:10]} d5 {[%clk 01:21:21]} {[%emt 00:05:02]} 10.
cxd5 {[%clk 01:19:33]} {[%emt 00:01:48]} exd5 {[%clk 01:21:22]} {[%emt
00:00:29]} 11. Bg5 {[%clk 01:19:06]} {[%emt 00:00:56]} Ndc6 {[%clk 01:19:14]}
{[%emt 00:02:39]} 12. Qc1 {[%clk 01:14:33]} {[%emt 00:05:02]} Re8 {[%clk
01:17:30]} {[%emt 00:02:15]} 13. a3 {[%clk 01:11:49]} {[%emt 00:03:15]} Bf5
{[%clk 01:07:52]} {[%emt 00:10:07]} 14. e4 {[%clk 01:04:34]} {[%emt 00:07:45]}
dxe4 {[%clk 00:50:33]} {[%emt 00:17:50]} 15. dxe4 {[%clk 01:03:57]} {[%emt
00:01:06]} Be6 {[%clk 00:49:14]} {[%emt 00:01:50]} 16. Rd1 {[%clk 01:02:16]}
{[%emt 00:02:10]} Nd4 {[%clk 00:49:01]} {[%emt 00:00:44]} 17. Nxd4 {[%clk
00:46:23]} {[%emt 00:16:23]} cxd4 {[%clk 00:49:17]} {[%emt 00:00:13]} 18. Nd5
{[%clk 00:46:22]} {[%emt 00:00:31]} Bxd5 {[%clk 00:49:33]} {[%emt 00:00:15]} 19.
exd5 {[%clk 00:46:50]} {[%emt 00:00:01]} Rc8 {[%clk 00:47:55]} {[%emt
00:02:08]} 20. Qd2 {[%clk 00:44:40]} {[%emt 00:02:40]} Qd7 {[%clk 00:40:13]}
{[%emt 00:08:12]} 21. Bxe7 {[%clk 00:42:30]} {[%emt 00:02:40]} Rxe7 {[%clk
00:38:56]} {[%emt 00:01:47]} 22. Re1 {[%clk 00:42:50]} {[%emt 00:00:09]} Rce8
{[%clk 00:27:57]} {[%emt 00:11:30]} 1/2-1/2

[Event "XLIV Memoriał Szachowy Ludwika Zamenhofa 2025, Grupa B"]
[Site "Bialystok, Poland"]
[Date "2025.12.31"]
[Round "9.2"]
[White "Kozlowski, Pawel"]
[Black "Endeladze, Ramaz"]
[Result "1/2-1/2"]
[TimeControl "90'+30\""]
[WhiteElo "2036"]
[BlackElo "2133"]

1. e4 {[%emt 00:03:51]} g6 {[%emt 00:04:15]} 2. d4 {[%clk 01:27:42]} Bg7 {[%clk
01:26:56]} {[%emt 00:00:15]} 3. Nc3 {[%clk 01:28:04]} {[%emt 00:00:08]} d6
{[%clk 01:27:25]} {[%emt 00:00:01]} 4. Be3 {[%clk 01:28:22]} {[%emt 00:00:12]}
c6 {[%clk 01:27:44]} {[%emt 00:00:11]} 5. Qd2 {[%clk 01:28:43]} {[%emt
00:00:09]} Nd7 {[%clk 01:28:13]} {[%emt 00:00:02]} 6. f3 {[%clk 01:28:57]}
{[%emt 00:00:15]} Qc7 {[%clk 01:28:37]} {[%emt 00:00:06]} 7. h4 {[%clk
01:28:43]} {[%emt 00:00:43]} h5 {[%clk 01:24:51]} {[%emt 00:04:17]} 8. a4
{[%clk 01:28:59]} {[%emt 00:00:14]} Ngf6 {[%clk 01:24:39]} {[%emt 00:00:42]} 9.
Nh3 {[%clk 01:28:58]} {[%emt 00:00:31]} a6 {[%clk 01:23:23]} {[%emt 00:01:47]}
10. Ng5 {[%clk 01:29:01]} {[%emt 00:00:26]} c5 {[%clk 01:23:18]} {[%emt
00:00:35]} 11. Be2 {[%clk 01:28:52]} {[%emt 00:00:38]} cxd4 {[%clk 01:22:54]}
{[%emt 00:00:55]} 12. Bxd4 {[%clk 01:28:53]} {[%emt 00:00:28]} O-O {[%clk
01:22:54]} {[%emt 00:00:31]} 13. O-O {[%clk 01:27:36]} {[%emt 00:01:48]} Ne5
{[%clk 01:22:57]} {[%emt 00:00:27]} 14. b3 {[%clk 01:16:17]} {[%emt 00:11:48]}
Bd7 {[%clk 01:21:33]} {[%emt 00:01:54]} 15. f4 {[%clk 01:03:52]} {[%emt
00:12:55]} Neg4 {[%clk 01:14:40]} {[%emt 00:07:23]} 16. Bxg4 {[%clk 00:34:26]}
{[%emt 00:29:56]} Bxg4 {[%clk 01:05:19]} {[%emt 00:09:51]} 17. e5 {[%clk
00:34:32]} {[%emt 00:00:24]} Nh7 {[%clk 01:04:02]} {[%emt 00:01:48]} 18. Nd5
{[%clk 00:34:15]} {[%emt 00:00:46]} Qd8 {[%clk 01:04:20]} {[%emt 00:00:12]} 19.
c4 {[%clk 00:26:54]} {[%emt 00:07:51]} e6 {[%clk 01:02:57]} {[%emt 00:01:54]}
20. Nxh7 {[%clk 00:20:33]} {[%emt 00:06:50]} Kxh7 {[%clk 01:01:54]} {[%emt
00:01:32]} 21. Nf6+ {[%clk 00:20:24]} {[%emt 00:00:39]} Bxf6 {[%clk 01:01:38]}
{[%emt 00:00:47]} 22. exf6 {[%clk 00:20:52]} {[%emt 00:00:02]} e5 {[%clk
01:01:55]} {[%emt 00:00:13]} 23. Bb2 {[%clk 00:16:55]} {[%emt 00:04:27]} e4
{[%clk 00:58:29]} {[%emt 00:03:56]} 24. f5 {[%clk 00:11:15]} {[%emt 00:06:10]}
gxf5 {[%clk 00:58:28]} {[%emt 00:00:31]} 25. Rxf5 {[%clk 00:10:02]} {[%emt
00:01:43]} Rg8 {[%clk 00:58:38]} {[%emt 00:00:20]} 26. Raf1 {[%clk 00:04:49]}
{[%emt 00:05:42]} Rg6 {[%clk 00:58:22]} {[%emt 00:00:47]} 27. Rg5 {[%clk
00:03:05]} {[%emt 00:02:14]} Rxg5 {[%clk 00:58:21]} {[%emt 00:00:31]} 28. Qxg5
{[%clk 00:02:50]} {[%emt 00:00:44]} Qb6+ {[%clk 00:58:39]} {[%emt 00:00:13]} 29.
Kh1 {[%clk 00:02:08]} {[%emt 00:01:12]} Rg8 {[%clk 00:59:06]} {[%emt 00:00:03]}
30. Qd5 {[%clk 00:02:25]} {[%emt 00:00:13]} Qc7 {[%clk 00:56:59]} {[%emt
00:02:38]} 31. Qxe4+ {[%clk 00:02:37]} {[%emt 00:00:17]} Rg6 {[%clk 00:57:25]}
{[%emt 00:00:04]} 32. Qe7 {[%clk 00:01:51]} {[%emt 00:01:16]} Qd7 {[%clk
00:57:49]} {[%emt 00:00:07]} 33. Re1 {[%clk 00:01:17]} {[%emt 00:01:04]} Kg8
{[%clk 00:55:42]} {[%emt 00:02:36]} 34. Ba3 {[%clk 00:00:50]} {[%emt 00:00:57]}
Be6 {[%clk 00:55:54]} {[%emt 00:00:17]} 35. Bxd6 {[%clk 00:00:33]} {[%emt
00:00:48]} Qc6 {[%clk 00:54:20]} {[%emt 00:02:05]} 36. Re2 {[%clk 00:00:47]}
{[%emt 00:00:15]} Kh7 {[%clk 00:54:09]} {[%emt 00:00:41]} 37. Kg1 {[%clk
00:00:34]} {[%emt 00:00:43]} Qf3 {[%clk 00:52:55]} {[%emt 00:01:44]} 38. Rf2
{[%clk 00:00:33]} {[%emt 00:00:32]} Qd1+ {[%clk 00:52:53]} {[%emt 00:00:31]} 39.
Kh2 {[%clk 00:00:35]} {[%emt 00:00:27]} Qd4 {[%clk 00:53:22]} {[%emt 00:00:02]}
40. Bg3 {[%clk 00:00:38]} {[%emt 00:00:27]} Rxg3 {[%clk 00:48:59]} {[%emt
00:04:53]} 41. Kxg3 {[%clk 00:00:56]} {[%emt 00:00:11]} Qe5+ {[%clk 00:49:24]}
{[%emt 00:00:06]} 42. Rf4 {[%clk 00:01:08]} {[%emt 00:00:18]} Qe3+ {[%clk
00:49:44]} {[%emt 00:00:10]} 43. Rf3 {[%clk 00:01:23]} {[%emt 00:00:15]} Qe1+
{[%clk 00:50:06]} {[%emt 00:00:08]} 44. Kh2 {[%clk 00:00:50]} {[%emt 00:01:03]}
Qxh4+ {[%clk 00:50:35]} {[%emt 00:00:02]} 45. Kg1 {[%clk 00:00:55]} {[%emt
00:00:24]} Qe1+ {[%clk 00:50:54]} {[%emt 00:00:11]} 46. Rf1 {[%clk 00:00:37]}
{[%emt 00:00:48]} Qe3+ {[%clk 00:51:19]} {[%emt 00:00:05]} 47. Kh1 {[%clk
00:01:01]} {[%emt 00:00:06]} Qe2 {[%clk 00:51:33]} {[%emt 00:00:16]} 48. Kg1
{[%clk 00:00:32]} {[%emt 00:00:59]} Qe3+ {[%clk 00:51:58]} {[%emt 00:00:05]} 49.
Kh1 {[%clk 00:00:57]} {[%emt 00:00:05]} Qe2 {[%clk 00:52:27]} 50. Rf3 {[%clk
00:00:37]} {[%emt 00:00:50]} Qe1+ {[%clk 00:52:53]} {[%emt 00:00:05]} 51. Kh2
{[%clk 00:01:02]} {[%emt 00:00:04]} Qh4+ {[%clk 00:53:21]} {[%emt 00:00:01]} 52.
Kg1 {[%clk 00:00:34]} {[%emt 00:00:59]} Qe1+ {[%clk 00:53:46]} {[%emt
00:00:05]} 1/2-1/2

[Event "XLIV Memoriał Szachowy Ludwika Zamenhofa 2025, Grupa B"]
[Site "Bialystok, Poland"]
[Date "2025.12.31"]
[Round "9.3"]
[White "Kasperek, Ryszard"]
[Black "Reshetniak, Vitaliy"]
[Result "1-0"]
[TimeControl "90'+30\""]
[WhiteElo "2088"]
[BlackElo "2048"]

1. e4 {[%clk 01:30:30]} {[%emt 00:39:12]} e5 {[%clk 01:21:08]} {[%emt
00:09:56]} 2. Nf3 {[%clk 01:26:53]} {[%emt 00:04:36]} Nc6 {[%clk 01:21:31]}
{[%emt 00:00:06]} 3. Nc3 {[%clk 01:25:55]} {[%emt 00:01:29]} Nf6 {[%clk
01:21:51]} {[%emt 00:00:09]} 4. Bb5 {[%clk 01:26:20]} {[%emt 00:00:06]} Bb4
{[%clk 01:21:52]} {[%emt 00:00:28]} 5. O-O {[%clk 01:26:36]} {[%emt 00:00:14]}
O-O {[%clk 01:21:38]} {[%emt 00:00:44]} 6. d3 {[%clk 01:26:47]} {[%emt
00:00:19]} d6 {[%clk 01:20:56]} {[%emt 00:01:12]} 7. Ne2 {[%clk 01:26:48]}
{[%emt 00:00:30]} Ne7 {[%clk 01:20:15]} {[%emt 00:01:10]} 8. c3 {[%clk
01:26:28]} {[%emt 00:00:50]} Ba5 {[%clk 01:19:04]} {[%emt 00:01:42]} 9. Ng3
{[%clk 01:26:29]} {[%emt 00:00:28]} c6 {[%clk 01:19:08]} {[%emt 00:00:26]} 10.
Ba4 {[%clk 01:26:47]} {[%emt 00:00:12]} Ng6 {[%clk 01:19:25]} {[%emt 00:00:13]}
11. Bb3 {[%clk 01:21:43]} {[%emt 00:05:35]} Re8 {[%clk 01:10:56]} {[%emt
00:08:58]} 12. Re1 {[%clk 01:15:31]} {[%emt 00:06:42]} Bb6 {[%clk 01:07:28]}
{[%emt 00:03:58]} 13. h3 {[%clk 01:15:00]} {[%emt 00:01:01]} h6 {[%clk
01:02:13]} {[%emt 00:05:45]} 14. d4 {[%clk 01:07:20]} {[%emt 00:08:10]} Bc7
{[%clk 00:45:14]} {[%emt 00:17:29]} 15. Be3 {[%clk 00:39:57]} {[%emt 00:27:54]}
d5 {[%clk 00:39:48]} {[%emt 00:05:56]} 16. Nxe5 {[%clk 00:35:49]} {[%emt
00:04:37]} Nxe5 {[%clk 00:39:50]} {[%emt 00:00:28]} 17. dxe5 {[%clk 00:36:09]}
{[%emt 00:00:09]} Nxe4 {[%clk 00:39:26]} {[%emt 00:00:56]} 18. Nxe4 {[%clk
00:32:38]} {[%emt 00:04:01]} dxe4 {[%clk 00:39:51]} {[%emt 00:00:05]} 19. Bf4
{[%clk 00:32:15]} {[%emt 00:00:53]} Bf5 {[%clk 00:37:21]} {[%emt 00:02:59]} 20.
Qxd8 {[%clk 00:22:51]} {[%emt 00:09:54]} Rexd8 {[%clk 00:34:28]} {[%emt
00:03:24]} 21. g4 {[%clk 00:21:46]} {[%emt 00:01:34]} Bh7 {[%clk 00:34:08]}
{[%emt 00:00:50]} 22. Rad1 {[%clk 00:21:22]} {[%emt 00:00:54]} Rxd1 {[%clk
00:32:59]} {[%emt 00:01:39]} 23. Rxd1 {[%clk 00:21:49]} {[%emt 00:00:04]} Rd8
{[%clk 00:33:18]} {[%emt 00:00:11]} 24. e6 {[%clk 00:16:06]} {[%emt 00:06:13]}
Rxd1+ {[%clk 00:33:26]} {[%emt 00:00:22]} 25. Bxd1 {[%clk 00:16:33]} {[%emt
00:00:03]} Bd8 {[%clk 00:33:48]} {[%emt 00:00:08]} 26. Bb8 {[%clk 00:16:21]}
{[%emt 00:00:42]} a5 {[%clk 00:33:33]} {[%emt 00:00:44]} 27. Bc7 {[%clk
00:16:00]} {[%emt 00:00:52]} Bg5 {[%clk 00:33:38]} {[%emt 00:00:25]} 28. exf7+
{[%clk 00:12:07]} {[%emt 00:04:23]} Kxf7 {[%clk 00:34:01]} {[%emt 00:00:07]} 29.
Bxa5 {[%clk 00:12:32]} {[%emt 00:00:05]} e3 {[%clk 00:34:12]} {[%emt 00:00:19]}
30. Kf1 {[%clk 00:12:09]} {[%emt 00:00:52]} exf2 {[%clk 00:32:52]} {[%emt
00:01:50]} 31. Kxf2 {[%clk 00:10:46]} {[%emt 00:01:53]} Be4 {[%clk 00:33:16]}
{[%emt 00:00:06]} 32. Bc7 {[%clk 00:08:54]} {[%emt 00:02:22]} Ke6 {[%clk
00:33:13]} {[%emt 00:00:33]} 33. Bb3+ {[%clk 00:06:30]} {[%emt 00:02:54]} Ke7
{[%clk 00:32:27]} {[%emt 00:01:16]} 34. Bc4 {[%clk 00:06:05]} {[%emt 00:00:56]}
Bc1 {[%clk 00:32:13]} {[%emt 00:00:43]} 35. b4 {[%clk 00:05:47]} {[%emt
00:00:48]} Bd2 {[%clk 00:32:12]} {[%emt 00:00:30]} 36. Be5 {[%clk 00:06:09]}
{[%emt 00:00:09]} g6 {[%clk 00:32:21]} {[%emt 00:00:21]} 37. a4 {[%clk
00:06:02]} {[%emt 00:00:38]} Bg5 {[%clk 00:32:03]} {[%emt 00:00:48]} 38. a5
{[%clk 00:06:10]} {[%emt 00:00:22]} Bd2 {[%clk 00:32:15]} {[%emt 00:00:18]} 39.
Ke2 {[%clk 00:05:28]} {[%emt 00:01:11]} Bg5 {[%clk 00:32:35]} {[%emt 00:00:09]}
40. Bd3 {[%clk 00:04:55]} {[%emt 00:01:04]} Bg2 {[%clk 00:32:56]} {[%emt
00:00:10]} 41. Kf2 {[%clk 00:05:04]} {[%emt 00:00:21]} 1-0